00715nam a2200205Ia 4500003000400000005001700004008004100021020001800062040001800080041000800098082002200106100002300128245015700151250001200308260004500320300003000365650005400395650004200449700001800491OSt20220905114349.0210716s2018 xx 000 0 und d a9781788834902 cAIMIT LIBRARY aeng a005.448 22bJAKB aJakobus, Benjamin. aMastering bootstrap 4 :bmaster the latest version of bootstrap 4 to build highly customized responsive web apps /cBy Benjamin Jakobus and Jason Marah. a2nd ed. aMumbai :bPackt Publishing Ltd ,c2018 . avi, 340p. ;bPBc23.5 cm. aSpeeding up development using third party plugins aIntegrating with angular jS and react aMarah, Jason.